000 00960nam a2200205 i 4500
001 72827
003 ES-MaACL
005 20230906171553.0
007 t|
008 040903m19461950sp ||||1| spa d
100 1 _aGomá Orduñá, José.
_957725
245 1 0 _aHistoria de la aeronáutica española /
_cJosé Gomá Orduñá.
260 _aMadrid :
_b[s.n.],
_c1946-1950 (
_fImp. Prensa Española)
300 _a2 v. :
_bil. ;
_c26 cm.
505 8 _aContiene: Primer Libro: Historia de la aeroestación y la de la aviación hasta 1921. -- Segundo Libro: Historia de la guerra de Africa y vuelos de relieve internacional efectuados por aviadores españoles
650 4 _aAeronáutica-
_zEspaña-
_vHistoria.
_9168662
740 0 _aHistoria de la Aerostación y la de la Aviación hasta 1921.
740 0 _aHistoria de la guerra de Africa y vuelos de relieve internacional efectuados por aviadores españoles.
852 _aES-MaACL
_jD-7129-30
_bR.29814, 34043
999 _c72827
_d72827